TEAMS : teams work & teambuilding :
| Main Author: | |
|---|---|
| Other Authors: | |
| Format: | Book |
| Published: |
Singapore:
Prentice Hall,
1995.
|
| Subjects: |
| LEADER | 00600cam a2200193 7i4500 | ||
|---|---|---|---|
| 001 | 0000037386 | ||
| 005 | 20151104090000.0 | ||
| 005 | ##20151104144500.0 | ||
| 003 | ##MY-KlINT | ||
| 020 | # | # | |a 0136060056 |
| 039 | # | 9 | |y 201511041445 |z VLOAD |
| 090 | 0 | 0 | |a 658.3128 |b STO |
| 100 | 1 | # | |a Stott, Kenneth |
| 245 | 1 | 0 | |a TEAMS : |b teams work & teambuilding : |b teams work & teambuilding : |b the manager's complete guide to TEAMS in organisations / |c Kenneth Stott, Allan Walker. |
| 260 | # | # | |a Singapore: |b Prentice Hall, |c 1995. |
| 300 | # | # | |a 486 p.. |
| 650 | # | 0 | |a Team building |
| 650 | # | 0 | |a Team works |
| 700 | 0 | # | |a Walker, |h Allan |